A Textbook of organic chemistry/ (Record no. 18640)
[ view plain ]
| 000 -LEADER | |
|---|---|
| fixed length control field | 00423nam a22001577a 4500 |
| 008 - FIXED-LENGTH DATA ELEMENTS--GENERAL INFORMATION | |
| fixed length control field | 201126b xxu||||| |||| 00| 0 eng d |
| 020 ## - INTERNATIONAL STANDARD BOOK NUMBER | |
| International Standard Book Number | 9789352531967 |
| 050 ## - LIBRARY OF CONGRESS CALL NUMBER | |
| Classification number | QD 251 |
| Item number | .B34 2016 C.1 |
| 100 ## - MAIN ENTRY--PERSONAL NAME | |
| Personal name | Bahl, Arun |
| 245 ## - TITLE STATEMENT | |
| Title | A Textbook of organic chemistry/ |
| Statement of responsibility, etc. | Arun Bahl and B. S. Bahl |
| 250 ## - EDITION STATEMENT | |
| Edition statement | 22nd ed. |
| 260 ## - PUBLICATION, DISTRIBUTION, ETC. (IMPRINT) | |
| Place of publication, distribution, etc. | New Delhi: |
| Name of publisher, distributor, etc. | S. Chand. |
| Date of publication, distribution, etc. | 2016. |
| 300 ## - PHYSICAL DESCRIPTION | |
| Extent | 1108p. |
| 700 ## - ADDED ENTRY--PERSONAL NAME | |
| Personal name | Bahl. B. S. |
| 942 ## - ADDED ENTRY ELEMENTS (KOHA) | |
| Source of classification or shelving scheme | Library of Congress Classification |
| Koha item type | General Collection |
| Withdrawn status | Lost status | Source of classification or shelving scheme | Not for loan | Home library | Current library | Date acquired | Cost, normal purchase price | Total Checkouts | Total Renewals | Full call number | Barcode | Date last seen | Date last checked out | Copy number | Price effective from | Koha item type |
|---|---|---|---|---|---|---|---|---|---|---|---|---|---|---|---|---|
| Library of Congress Classification | Kabarak, Main Campus | Kabarak, Main Campus | 26/11/2020 | 4771.00 | 15 | 2 | QD 251 .B34 2016 C.1 | 029422 | 03/03/2026 | 10/02/2026 | C. 1 | 26/11/2020 | General Collection |